Hydraulics, Fluid Mechanics and Hydraulic Machines (Record no. 14196)
[ view plain ]
| 000 -LEADER | |
|---|---|
| fixed length control field | 00322nam a22001217a 4500 |
| 020 ## - INTERNATIONAL STANDARD BOOK NUMBER | |
| ISBN | 8121901626 |
| 082 ## - DEWEY DECIMAL CLASSIFICATION NUMBER | |
| Classification number | 532 |
| Item number | KHU/HY |
| 100 ## - MAIN ENTRY--AUTHOR NAME | |
| Personal name | Khurmi, R S |
| -- | Khurmi, N |
| 245 ## - TITLE STATEMENT | |
| Title | Hydraulics, Fluid Mechanics and Hydraulic Machines |
| 260 ## - PUBLICATION, DISTRIBUTION, ETC. (IMPRINT) | |
| Place of publication | New Delhi |
| Name of publisher | S. Chand & Company Pvt. Ltd |
| Year of publication | 2014 |
| 300 ## - PHYSICAL DESCRIPTION | |
| Number of Pages | 701 |
| 942 ## - ADDED ENTRY ELEMENTS (KOHA) | |
| Koha item type | Books |
| Withdrawn status | Lost status | Damaged status | Collection code | Home library | Current library | Shelving location | Date acquired | Source of acquisition | Cost, normal purchase price | Full call number | Accession Number | Koha item type |
|---|---|---|---|---|---|---|---|---|---|---|---|---|
| KAUAET | KAUAET | General Stacks | 03/06/2016 | Aman Books, Calicut | 560.00 | 532 KHU/HY | 24942 | Books | ||||
| KAUAET | KAUAET | General Stacks | 11/07/2016 | Aman Books, calicut | 560.00 | 532 KHU/HY | 24940 | Books | ||||
| KAUAET | KAUAET | General Stacks | 11/07/2016 | Aman Books, calicut | 560.00 | 532 KHU/HY | 24941 | Books | ||||
| KAUAET | KAUAET | General Stacks | 30/03/2017 | Neoti book Agency | 650.00 | 532 KHU/HY | 25315 | Books | ||||
| KAUAET | KAUAET | General Stacks | 30/03/2017 | Neoti book Agency | 650.00 | 532 KHU/HY | 25316 | Books |
